000 01007nam a2200253 u 4500
001 000663167
003 AM-YeHGA
005 20250617141649.0
008 090602s1982 ||||||||||||||||||||rus d
040 _aAM-YeHGA
041 0 _arus
100 1 _aБалицкий, Константин Петрович
245 1 0 _aЛекарственные растения и рак /
_cК.П. Балицкий, А.Л. Воронцова; АН УССР, Ин-т проблем онкологии .
260 _aКиев :
_bНаукова думка,
_c1982.
300 _a376 с. :
_bил., табл.
650 1 4 _aОнкология
650 1 4 _aФармакология
650 1 4 _aФитотерапия рака
650 1 4 _aПротивоопухолевые препараты
700 1 _aВоронцова, Ада Леонидовна
710 2 _aАкадемия наук Украинской ССР
710 2 _aИнститут проблем онкологии
090 _c244408
999 _c242827
_d242827